| 000 | 00999cam a2200241u 4500 | ||
|---|---|---|---|
| 003 | BD-RjUL | ||
| 005 | 20250806100016.0 | ||
| 008 | 810225s1937 enk 000 0 eng | ||
| 040 |
_aDLC _cCarP _dDLC _beng |
||
| 041 | _aeng | ||
| 082 |
_223 _a829.1 _bLEA 1937 |
||
| 130 | 0 |
_aAmis et Amiles. _916473 |
|
| 245 | 0 | 0 |
_aAmis and Amiloun,/ _cedited by MacEdward Leach ... |
| 260 |
_aLondon, _bPub. for the Early English text society by H. Milford, Oxford university press, _c1937. |
||
| 300 |
_acii, 137 p. _c22 cm. |
||
| 490 | 0 |
_aEarly English text society. Original series, _vno. 203. 1937 (for 1935) |
|
| 500 | _aMacE. Leach's thesis (Ph. D.)--University of Pennsylvania, 1930. | ||
| 500 | _aWithout thesis note. | ||
| 500 | _aEarly English text society's list of publications, etc. (8 p.) at end. | ||
| 500 | _aMiddle English poem printed largely from the Auchinleck manuscript in the Advocate's library in Edinburgh. | ||
| 700 | 1 |
_aLeach, MacEdward, _d1896-1967, _eed. _916474 |
|
| 942 |
_2ddc _cBK |
||
| 999 |
_c85445 _d85445 |
||